| 000 | 00931nam a2200265Ia 4500 | ||
|---|---|---|---|
| 001 | 21958 | ||
| 005 | 20260320113328.0 | ||
| 008 | 260320s9999||||xx |||||||||||||| ||und|| | ||
| 020 | _a9786123263324 | ||
| 041 | _aESP | ||
| 082 |
_a305.50985 _bG82 |
||
| 100 |
_aGrompone, Alvaro, _eEDT |
||
| 245 | 0 |
_aEl privilegio en el Perú : _bcómo construyen desigualdades quienes se benefician de ellas |
|
| 246 |
_a _5 _b |
||
| 250 | _aPrimera edición | ||
| 260 |
_aLima : _bIEP Instituto de Estudios Peruanos, _c2025 |
||
| 300 |
_a301 páginas : _bilustraciones, cuadros ; _c21 cm. _e |
||
| 440 |
_a(Perú problema _n; número 86) _v |
||
| 650 | _aCIS | ||
| 653 | _aDesigualdad; Clases sociales - Perú; Análisis sociológico | ||
| 654 | _aCHU | ||
| 700 |
_aReátegui, Luciana, _cEDT |
||
| 856 |
_uhttps://0u20jme4p-y-https-www-jstor-org.itmsp.museknowledge.com/ _zVéase además: Base de datos JSTOR |
||
| 942 |
_cLIB _dJUS _fMAT _2ddc _n |
||
| 999 |
_c21958 _d21958 |
||